Quick Pick: 'C' Countries Quiz Stats

Quiz Updated Jul 14, 2016

Challenge
Share
Tweet
Embed
Score 0/16 Timer 01:00
2 Plays Today
% Correct
China
94%
Canada
93.6%
Cuba
91.9%
Czechia
88.4%
Chile
85.6%
Cambodia
85.1%
Colombia
84.5%
Costa Rica
78.3%
% Correct
Croatia
77%
Cyprus
67.3%
Cameroon
43.7%
Central African Republic
39.8%
Cabo Verde
39.5%
Chad
37.9%
Comoros
37.7%
Côte d'Ivoire
36.6%

Today's Daily Dose

Missing Word
NPR Programs

Quick Pick
1991 Events

On This Day
June 18th II

You're not logged in!

Compare scores with friends on all Sporcle quizzes.
Join for Free
OR
Log In

You Might Also Like...

Show Comments

Extras

Top Quizzes Today


Score Distribution

Your Account Isn't Verified!

In order to create a playlist on Sporcle, you need to verify the email address you used during registration. Go to your Sporcle Settings to finish the process.

Report this User

Report this user for behavior that violates our Community Guidelines.

Details: